Teaching Business English at Higher Education Institutions in Finland bakalárska práca

Na minha lista:
Detalhes bibliográficos
Autor principal: Molnárová, Alexandra
Autor Corporativo: Fakulta aplikovaných jazykov EU v Bratislave. Katedra jazykovedy a translatológie
Outros Autores: Breveníková, Daniela
Formato: Livro
Idioma:inglês
Publicado em: Bratislava 2017
Tags: Adicionar Tag
Sem tags, seja o primeiro a adicionar uma tag!

MARC

LEADER 00000nbm a2200000 4500
001 0231470
005 20180213110713.0
041 0 |a eng 
044 |a SK 
245 1 0 |a Teaching Business English at Higher Education Institutions in Finland  |b bakalárska práca  |c Alexandra Molnárová ; školiteľ: Daniela Breveníková 
264 1 |a Bratislava  |c 2017 
300 |a 47 s. 
100 1 |a Molnárová, Alexandra 
700 1 |a Breveníková, Daniela 
710 2 |a Fakulta aplikovaných jazykov EU v Bratislave. Katedra jazykovedy a translatológie